000 00808nam a2200253Ia 4500
003 OSt
005 20220928104111.0
006 a|||||r|||| 00| 0
007 ta
008 220927b |||||||| |||| 00| 0 eng d
020 _cINR 1695.00
024 _a135797
037 _b2568, 29/08/2017, The Book Seller
_cTextual
040 _aSDCL
_cSDCL
_beng
041 _2eng
_aeng
082 _aS4, Q6
100 _aChadha Nidhi
_9408562
245 0 _aFacets of organizational psychology
_b Emotional intelligence innovation organizational climate managerial effectiveness
260 _aNew Delhi
_bReaders Paradise
_c2016
300 _a258p.
_ccm.
650 _aApplied Psychology
942 _hS4, Q6
_cTEXL
_2CC
999 _c724055
_d724055